| 000 | 01281cam a2200313 a 4500 | ||
|---|---|---|---|
| 001 | 11965692 | ||
| 003 | OSt | ||
| 005 | 20250922145504.0 | ||
| 008 | 000405s2001 nyua b 001 0 eng | ||
| 010 | _a 00039237 | ||
| 020 | _a0471316482 (cloth : alk. paper) | ||
| 040 |
_aDLC _cDLC _dDLC |
||
| 050 | 0 | 0 |
_aTS156 _b.M64 2001 |
| 082 | 0 | 0 |
_a658.562 MON 2001 _221 |
| 100 | 1 |
_aMontgomery, Douglas C. _92557 |
|
| 245 | 1 | 0 | _aIntroduction to Statistical Quality Control |
| 250 | _a4th ed. | ||
| 260 |
_aNew York; _bJohn Wiley, _cc2001. |
||
| 300 |
_axix, 796 p. : _bill. ; _c25 cm. |
||
| 504 | _aIncludes bibliographical references, & index. | ||
| 650 | 0 |
_aQuality control _95575 |
|
| 650 | 0 |
_aProcess control _xStatistical methods. _95288 |
|
| 856 | 4 | 2 |
_3Contributor biographical information _uhttp://www.loc.gov/catdir/bios/wiley045/00039237.html |
| 856 | 4 | 2 |
_3Publisher description _uhttp://www.loc.gov/catdir/description/wiley039/00039237.html |
| 856 | 4 |
_3Table of Contents _uhttp://www.loc.gov/catdir/toc/onix05/00039237.html |
|
| 906 |
_a7 _bcbc _corignew _d1 _eocip _f19 _gy-gencatlg |
||
| 942 |
_2z _cSLOAN |
||
| 999 |
_c2176 _d2176 |
||